000
00317nam a2200121Ia 4500
008
220204s9999 xx 000 0 und d
082
_a
632.937
_b
BAK
100
_a
Baker, K F
245
0
_a
Biological control of plant pathogens
260
_a
San Francisco
_b
Freeman
_c
1974
650
_a
Biological control
942
_c
BK
999
_c
36854
_d
36854